000 00440nam a2200181Ia 4500
001 23381
005 20260414150933.0
008 260414t2010||||xx |||||||||||||| ||spa||
041 _aESP
082 _a629.895
_bV36
100 _aVásquez Salazar, Rubén Darío
_eAUT
245 0 _aControl lógico programable
_b
260 _c2010
300 _a103 páginas :
_c23 cm.
650 _aCNM
654 _aCCN
942 _cLIB
_dJUS
_fJUS
_2ddc
_n
999 _c23381
_d23381